Normal view
MARC view
Entry Personal Name
001 - CONTROL NUMBER
- control field: 34446
003 - CONTROL NUMBER IDENTIFIER
- control field: dpl
005 - DATE AND TIME OF LATEST TRANSACTION
- control field: 20110906104000.0
008 - FIXED-LENGTH DATA ELEMENTS
- fixed length control field: 110906|||a|||||| | ||| d
040 ## - CATALOGING SOURCE
- Original cataloging agency: dpl
- Transcribing agency: dpl
100 ## - HEADING--PERSONAL NAME
- Personal name: Goyal, Brij Kishore
670 ## - SOURCE DATA FOUND
- Source citation: Work cat.: (dpl): Goyal, Brij Kishore , Upkar's modern essays /, 201?
670 ## - SOURCE DATA FOUND
- Source citation: Work cat.: (dpl): Goyal, Brij Kishore , Upkar's modern essays /, 201?
